000 00575nam a2200193Ia 4500
001 8906
003 GE_BSU
008 181216s||||||||xx |||||||||||||| ||und||
040 _cGE_BSU
245 _aУспехи современной биологии, Том 133.№6.2013.
245 _bНоябрь-Декабрь
245 _cгл.ред.И.А.Захаров-Гезехус и др.
260 _aМосква
260 _bНаука
260 _c2013
300 _a624стр.28см.
653 _aУспехи современной биологии
942 _cCR
999 _c42213
_d42213